Normal view
MARC view
- Filipino language.
Entry Topical Term
001 - CONTROL NUMBER
- control field: 42937
003 - CONTROL NUMBER IDENTIFIER
- control field: OSt
005 - DATE AND TIME OF LATEST TRANSACTION
- control field: 20210204145421.0
008 - FIXED-LENGTH DATA ELEMENTS
- fixed length control field: 210204|| aca||aabn | a|a d
040 ## - CATALOGING SOURCE
- Original cataloging agency: OSt
- Transcribing agency: OSt
150 ## - HEADING--TOPICAL TERM
- Topical term or geographic name entry element: Filipino language.
670 ## - SOURCE DATA FOUND
- Source citation: Work cat.: (OSt): Cruz, Emerlinda G. 42936, Bagong Filipino sa sining ng komunikasyon/, ©1988.
